000 00729cam a22002533a 4500
001 28274
003 PGUSA
005 20140828083618.0
008 090308s2009||||xxu|||||s|||||000 | eng d
040 _aPGUSA
_beng
042 _adc
050 4 _aQ
100 1 _aLubbock, John,
_cSir,
_d1834-1913
245 1 4 _aThe Beauties of Nature, and the Wonders of the World We Live In
_h[electronic resource] /
_cJohn, Lubbock
260 _bProject Gutenberg,
_c2009
506 _aPublic domain in the USA.
516 _aElectronic text
653 _aAstronomy
653 _aPhysical geography
653 _aNatural history
830 0 _aProject Gutenberg
_v28274
856 4 0 _uhttp://www.gutenberg.org/ebooks/28274
942 _cEB
999 _c257529
_d257529